000 00635nam a22001937a 4500
005 20251108164149.0
008 250721s1993 xx 000 0 ara d
082 1 4 _a338.1/أحم
100 1 _aعبد الحكيم، أحمد فؤاد
245 1 0 _aإقتصاديات و إدارة مزارع /
264 1 _aالقاهرة :
_bجامعة القاهره - التعليم المفتوح،
_c1993.
300 _a300ص
650 1 7 _aالإقتصاد الزراعي
650 1 7 _aإدارة المزرعة
650 1 7 _aالإدارة الزراعية
700 1 _aمشعل، محمد سالم
942 _2ddc
_cBK
999 _c5238
_d5238